<?xml version="1.0" encoding="UTF-8"?>
<marc:record xmlns:marc="http://www.loc.gov/MARC21/slim">
   <marc:leader>00000nam a2200000 a 4500</marc:leader>
   <marc:datafield ind1="1" ind2=" " tag="100">
      <marc:subfield code="a">Scheidhammer, Franz-Josef</marc:subfield>
      <marc:subfield code="4">aut</marc:subfield>
      <marc:subfield code="e">Verfasser/-in</marc:subfield>
   </marc:datafield>
   <marc:datafield ind1=" " ind2=" " tag="653">
      <marc:subfield code="a">Fußball</marc:subfield>
   </marc:datafield>
   <marc:datafield ind1=" " ind2=" " tag="653">
      <marc:subfield code="a">Religionsunterricht</marc:subfield>
   </marc:datafield>
   <marc:datafield ind1=" " ind2=" " tag="653">
      <marc:subfield code="a">Sekundarstufe 1</marc:subfield>
   </marc:datafield>
   <marc:datafield ind1=" " ind2=" " tag="653">
      <marc:subfield code="a">Softcover</marc:subfield>
   </marc:datafield>
   <marc:datafield ind1=" " ind2=" " tag="653">
      <marc:subfield code="a">Karte</marc:subfield>
   </marc:datafield>
   <marc:datafield ind1=" " ind2=" " tag="653">
      <marc:subfield code="a">Lernen / Unterrichtsmaterialien f. Lehrer</marc:subfield>
   </marc:datafield>
   <marc:datafield ind1=" " ind2=" " tag="653">
      <marc:subfield code="a">Lehrmittel</marc:subfield>
   </marc:datafield>
   <marc:datafield ind1="0" ind2="0" tag="245">
      <marc:subfield code="a">Kicker, Kutten und Choräle</marc:subfield>
   </marc:datafield>
   <marc:datafield ind1="0" ind2="0" tag="245">
      <marc:subfield code="b">Fußball und Religion - eine Projektmappe</marc:subfield>
   </marc:datafield>
   <marc:datafield ind1="0" ind2="0" tag="245">
      <marc:subfield code="c">Franz-Josef Scheidhammer</marc:subfield>
   </marc:datafield>
   <marc:datafield ind1=" " ind2="1" tag="264">
      <marc:subfield code="a">Mülheim an der Ruhr</marc:subfield>
      <marc:subfield code="b">Verl. an der Ruhr</marc:subfield>
      <marc:subfield code="c">2006</marc:subfield>
   </marc:datafield>
   <marc:datafield ind1="1" ind2=" " tag="490">
      <marc:subfield code="a">Arbeitsmaterialien für die SEK I</marc:subfield>
   </marc:datafield>
   <marc:datafield ind1=" " ind2=" " tag="250">
      <marc:subfield code="a">Aktualisierte Neuaufl.</marc:subfield>
   </marc:datafield>
   <marc:datafield ind1="1" ind2=" " tag="520">
      <marc:subfield code="a">Angaben aus der Verlagsmeldung

Kicker, Kutten und Choräle : Fussball und Religion - Eine Projektmappe / von Franz J Scheidhammer

"Der Ball ist rund und die Messe dauert 90 Minuten." - Fussball und Religion haben mehr miteinander zu tun, als es auf den ersten Blick scheint! Schliesslich sind Keuschheit und Gehorsam nicht nur im Kloster oberste Gebote. Auch im Trainingslager soll sexuelle Abstinenz der Weg zum Erfolg sein. Und der Trainer hat genauso wie der Abt die Herrschaft über seine Mannschaft. In dieser Arbeitsmappe begegnet den Schülern Religion mal ganz anders. Im direkten Vergleich mit Fangesängen und "Schlachtrufen" erkennen sie den Sinn von Chorälen und Gebeten, entdecken Parallelen zwischen Devotionalien und Fan-Artikeln und beschäftigen sich mit der Bedeutung von Ritualen. Alle Unterrichtsbausteine knüpfen an ausgewählte Themen des Lehrplans an. Zeitungsartikel und Fotos bilden die Ausgangsbasis und geben auch Ihrer Klasse den "himmlischen Anstoss" zu spannendem Religionsunterricht.
</marc:subfield>
   </marc:datafield>
   <marc:datafield ind1=" " ind2=" " tag="020">
      <marc:subfield code="a">9783834601445</marc:subfield>
      <marc:subfield code="9">9783834601445</marc:subfield>
   </marc:datafield>
   <marc:datafield ind1=" " ind2=" " tag="020">
      <marc:subfield code="a">3834601446</marc:subfield>
      <marc:subfield code="9">3834601446</marc:subfield>
   </marc:datafield>
   <marc:datafield ind1=" " ind2=" " tag="041">
      <marc:subfield code="a">ger</marc:subfield>
   </marc:datafield>
   <marc:datafield ind1=" " ind2=" " tag="300">
      <marc:subfield code="a">75 Bl.</marc:subfield>
   </marc:datafield>
</marc:record>
